| 000 | 00814cam a2200337ua 4500 | ||
|---|---|---|---|
| 020 | _c9.25 | ||
| 041 |
_amal _h |
||
| 082 |
_a635.9 _bJOS/PU |
||
| 100 | _aJoseph, K O . | ||
| 245 |
_aPushpavum phalavum / _cK O Joseph. _hTextual Documents |
||
| 250 |
_a1 / _b. |
||
| 260 |
_aThiruvananthapuram : _bState Instititute of Languages , _c1973. |
||
| 300 | _a303 ; . | ||
| 365 | _a9.25 | ||
| 500 | _a13874 Withdrawn | ||
| 504 | _a | ||
| 700 | 1 | _aMohanavarma Raju, r . | |
| 700 | 1 | _aPaul, P P . | |
| 942 | _cBK | ||
| 999 |
_c6227 _d6227 |
||